Random Digits - Whammies - Statistics

General Stats
  • This quiz has been taken 55 times
  • The average score is 3 of 5
Answer Stats
Digits % Correct
1
73%
3
73%
6
64%
2
56%
7
56%
5
45%
4
33%
8
33%
0
25%
9
25%
No matching quizzes found
Score Distribution
Percent of People with Each Score
Percentile by Number Answered
Your Score History
You have not taken this quiz